000 00332nam a2200133Ia 4500
005 20260328104320.0
008 260328s9999||||xx |||||||||||||| ||und||
100 _ade la Sota, Alejandro
245 0 _aJosep LlinĂ¡s /
_cAlejandro de la Sota
260 _bTanais Ediciones
300 _a176 p.
650 _aARQUITECTOS
942 _cBK
999 _c11324
_d11324